[Event "Warsaw YMCA Spring-B 287th"]
[Site "Warsaw"]
[Date "2024.04.11"]
[Round "1"]
[White "Pietrzak, Wojciech"]
[Black "Pettersson, Alexander"]
[Result "0-1"]
[WhiteElo "1856"]
[BlackElo "1856"]
[PlyCount "74"]
[EventDate "2024.04.11"]
[EventType "tourn"]
[EventRounds "11"]
[EventCountry "POL"]
[SourceTitle "EXT 2025"]
[Source "ChessBase"]
[SourceDate "2024.10.14"]
[SourceVersion "1"]
[SourceVersionDate "2024.10.14"]
[SourceQuality "1"]

1. e4 c6 2. d3 d5 3. Nd2 e5 4. c3 Nf6 5. Ngf3 Bd6 6. h3 0-0 7. Be2 Nbd7 8. Qc2 Re8 9. g4 Nf8 10. Nf1 Ng6 11. Ng3 Nf4 12. Bd2 Ng2+ 13. Kf1 Nf4 14. Re1 b6 15. g5 dxe4 16. dxe4 Nxe2 17. Rxe2 Nd7 18. Kg2 Nf8 19. Be3 Ne6 20. Rd2 Qc7 21. Nf5 Bc5 22. Bxc5 Nf4+ 23. Kh2 bxc5 24. Nd6 Bxh3 25. Kg3 Bg2 26. Nxe8 Rxe8 27. Rh2 Bxf3 28. Kxf3 Qe7 29. Qa4 Qxg5 30. Qxc6 Rf8 31. Qxc5 f5 32. Qxe5 fxe4+ 33. Qxe4 h5 34. Ke3 Qg1 35. Qh1 Re8+ 36. Kd4 Qg5 37. c4 Qe5# 0-1

[Event "Warsaw YMCA Winter-A 282nd"]
[Site "Warsaw"]
[Date "2024.02.16"]
[Round "6"]
[White "Huseynzade, Jeyhun Qalib"]
[Black "Pettersson, Alexander"]
[Result "0-1"]
[WhiteElo "1991"]
[BlackElo "1799"]
[PlyCount "108"]
[EventDate "2024.01.12"]
[EventType "tourn"]
[EventRounds "11"]
[EventCountry "POL"]
[SourceTitle "EXT 2025"]
[Source "ChessBase"]
[SourceDate "2024.10.14"]
[SourceVersion "1"]
[SourceVersionDate "2024.10.14"]
[SourceQuality "1"]

1. e4 c6 2. Nc3 d5 3. Nf3 a6 4. d4 Bg4 5. h3 Bh5 6. Bd3 e6 7. 0-0 Nf6 8. Bg5 Be7 9. e5 Nfd7 10. Bxe7 Qxe7 11. Qe2 c5 12. dxc5 Nxc5 13. Qe3 Bxf3 14. Qxf3 Nc6 15. Qg3 0-0 16. Rae1 Rac8 17. f4 Nxd3 18. cxd3 Nd4 19. Qf2 Nf5 20. g4 d4 21. Nd5 Qd8 22. gxf5 Qxd5 23. f6 Rc6 24. Re4 Rd8 25. Qg3 g6 26. Qg5 Qc5 27. a3 Qf8 28. f5 exf5 29. Rxf5 h6 30. Qg2 Kh7 31. Rf2 Qc5 32. b4 Qc3 33. e6 Qxd3 34. exf7 Rf8 35. Re7 Qb5 36. a4 Qxb4 37. Qe4 Qd6 38. Kg2 d3 39. Qg4 Qd5+ 40. Qf3 Qg5+ 41. Kh2 d2 42. Rd7 Qe5+ 43. Kg2 d1Q 44. Qxd1 Rxf6 45. Rxf6 Qxf6 46. Qd5 b5 47. axb5 Qb2+ 48. Kh1 axb5 49. Rb7 b4 50. Qe6 Qc1+ 51. Kg2 Qg5+ 52. Kh2 Qf4+ 53. Kg2 Kg7 54. Qe7 Rxf7 0-1

[Event "Warsaw YMCA Winter-A 282nd"]
[Site "Warsaw"]
[Date "2024.02.02"]
[Round "4"]
[White "Pettersson, Alexander"]
[Black "Sypula, Krzysztof"]
[Result "1-0"]
[WhiteElo "1799"]
[BlackElo "1662"]
[PlyCount "91"]
[EventDate "2024.01.12"]
[EventType "tourn"]
[EventRounds "11"]
[EventCountry "POL"]
[SourceTitle "EXT 2025"]
[Source "ChessBase"]
[SourceDate "2024.10.14"]
[SourceVersion "1"]
[SourceVersionDate "2024.10.14"]
[SourceQuality "1"]

1. d4 Nf6 2. c4 e6 3. Nf3 Bb4+ 4. Nbd2 b6 5. a3 Be7 6. e3 Bb7 7. Bd3 c5 8. 0-0 Nc6 9. b3 cxd4 10. exd4 d5 11. Bb2 0-0 12. Rc1 dxc4 13. bxc4 Rc8 14. Bb1 Na5 15. Ne5 Bd6 16. Re1 Qe7 17. Re3 Rfd8 18. Qc2 g6 19. Qd1 Qf8 20. Qe2 Rc7 21. Ba2 Rdc8 22. Rh3 Nc6 23. Re1 Bxe5 24. dxe5 Nd7 25. Ne4 Ba6 26. Rd1 Ncb8 27. Nd6 Rd8 28. Rd4 Qg7 29. Rdh4 Nf8 30. Rf4 h6 31. Bb1 Nc6 32. Rhf3 Rdd7 33. Bd3 Re7 34. Ne4 g5 35. Nf6+ Kh8 36. Rg4 Ng6 37. Nh5 Qg8 38. Rf6 Nd8 39. Rf3 Bb7 40. Be4 Ba6 41. Bd3 Nc6 42. Nf6 Qg7 43. Rxg5 Na5 44. Rg4 Nc6 45. Rfg3 Nd8 46. Bxg6 1-0

[Event "Warsaw YMCA Autumn-A 278th"]
[Site "Warsaw"]
[Date "2023.11.16"]
[Round "9"]
[White "Liberadzki, Slawomir"]
[Black "Pettersson, Alexander"]
[Result "1/2-1/2"]
[WhiteElo "1958"]
[BlackElo "1820"]
[PlyCount "122"]
[EventDate "2023.09.22"]
[EventType "tourn"]
[EventRounds "13"]
[EventCountry "POL"]
[SourceTitle "EXT 2025"]
[Source "ChessBase"]
[SourceDate "2024.10.14"]
[SourceVersion "1"]
[SourceVersionDate "2024.10.14"]
[SourceQuality "1"]

1. c4 e6 2. Nf3 d5 3. b3 Nf6 4. Bb2 Be7 5. g3 0-0 6. Bg2 c5 7. e3 Nc6 8. 0-0 b6 9. Nc3 Bb7 10. cxd5 Nxd5 11. Nxd5 Qxd5 12. d4 Rad8 13. Ne5 Qd6 14. Qf3 Na5 15. Qg4 Bxg2 16. dxc5 Qxc5 17. Nc6 f6 18. Nxe7+ Qxe7 19. Kxg2 Nb7 20. a4 Nc5 21. Ba3 Rd5 22. b4 Nxa4 23. b5 Nc5 24. Bxc5 Rxc5 25. Qa4 Rf7 26. Rfd1 g6 27. Rd3 Qb7+ 28. Kg1 Rfc7 29. Rad1 Rc1 30. Qd4 Rxd1+ 31. Rxd1 Kf7 32. Qd8 Kg7 33. h4 Rf7 34. Qe8 Re7 35. Qd8 Qc7 36. Qa8 Rd7 37. Rxd7+ Qxd7 38. Qc6 Qe7 39. Kg2 Kf7 40. g4 Qe8 41. Qc7+ Kg8 42. Qc6 Kf8 43. Qd6+ Kf7 44. Qc7+ Qe7 45. Qc8 Qe8 46. Qc7+ Qe7 47. Qc8 Kg7 48. Qc6 h6 49. Kg3 h5 50. f4 hxg4 51. Kxg4 Kh6 52. Qc8 Kg7 53. Qc6 f5+ 54. Kg3 Kh6 55. Qc3 Kh7 56. Qe5 Qd7 57. Qf6 Qe8 58. Qe5 Qe7 59. Qb8 Qd7 60. Qf8 Qg7 61. Qe8 Qa1 1/2-1/2

[Event "POL-chT 2nd League"]
[Site "Jastrzebia Gora"]
[Date "2023.09.10"]
[Round "9.45"]
[White "Pettersson, Alexander"]
[Black "Gradowski, Jacek"]
[Result "1/2-1/2"]
[WhiteElo "1820"]
[BlackElo "2072"]
[PlyCount "53"]
[EventDate "2023.09.02"]
[EventType "team-swiss"]
[EventRounds "9"]
[EventCountry "POL"]
[SourceTitle "CBM 216 Extra"]
[Source "ChessBase"]
[SourceDate "2023.11.30"]
[SourceVersion "1"]
[SourceVersionDate "2023.11.30"]
[SourceQuality "1"]
[WhiteTeam "Warszawa Mogalo"]
[BlackTeam "Lodz Okucia Budowlane"]
[WhiteTeamCountry "POL"]
[BlackTeamCountry "POL"]

1. d4 Nf6 2. c4 e6 3. Nf3 Bb4+ 4. Nbd2 Ne4 5. e3 0-0 6. Be2 b6 7. 0-0 Bb7 8. a3 Nxd2 9. Bxd2 Bxd2 10. Qxd2 d6 11. Rfd1 Nd7 12. b4 Qe7 13. Rac1 Rfd8 14. Rc3 Nf6 15. Qb2 c5 16. Rcd3 Ne4 17. Nd2 Rac8 18. f3 Nf6 19. Nf1 Ba6 20. Rc3 d5 21. dxc5 bxc5 22. cxd5 Bxe2 23. Qxe2 Nxd5 24. Rxc5 Rxc5 25. bxc5 Qxc5 26. Qf2 Qc7 27. e4 1/2-1/2

[Event "Warsaw Maciei Memorial"]
[Site "Warsaw"]
[Date "2023.07.10"]
[Round "6"]
[White "Chomczyk, Marek"]
[Black "Pettersson, Alexander"]
[Result "1-0"]
[WhiteElo "2277"]
[BlackElo "1820"]
[PlyCount "32"]
[EventDate "2023.07.10"]
[EventType "swiss (blitz)"]
[EventRounds "11"]
[EventCountry "POL"]
[SourceTitle "CBM 215 Extra"]
[Source "ChessBase"]
[SourceDate "2023.09.30"]
[SourceVersion "1"]
[SourceVersionDate "2023.09.30"]
[SourceQuality "1"]

1. c4 e6 2. g3 d5 3. Bg2 Nf6 4. Nf3 Be7 5. 0-0 0-0 6. d4 c6 7. Nc3 b6 8. Ne5 Bb7 9. e4 Nbd7 10. exd5 cxd5 11. Bg5 Re8 12. Qa4 h6 13. Bf4 a6 14. Rad1 Nh5 15. Be3 Nxe5 16. dxe5 g6 1-0

[Event "Warsaw YMCA Winter-A 271st"]
[Site "Warsaw"]
[Date "2023.03.17"]
[Round "10"]
[White "Choroszej, Aleksander"]
[Black "Pettersson, Alexander"]
[Result "1/2-1/2"]
[WhiteElo "2036"]
[BlackElo "1878"]
[PlyCount "62"]
[EventDate "2023.01.13"]
[EventType "tourn"]
[EventRounds "11"]
[EventCountry "POL"]
[SourceTitle "EXT 2024"]
[Source "ChessBase"]
[SourceDate "2023.10.10"]
[SourceVersion "1"]
[SourceVersionDate "2023.10.10"]
[SourceQuality "1"]

1. d4 d5 2. c4 e6 3. Nc3 Nf6 4. Nf3 Nbd7 5. Bf4 dxc4 6. e3 b5 7. Nxb5 Bb4+ 8. Nd2 Ne4 9. Nc3 Bxc3 10. bxc3 Nxc3 11. Qf3 Nd5 12. Bxc4 N7b6 13. Bb5+ Bd7 14. Bxd7+ Qxd7 15. 0-0 Nxf4 16. Qxf4 0-0 17. Rfc1 Rfc8 18. Ne4 Nd5 19. Qe5 Rab8 20. a4 Qe7 21. Nc5 Nf6 22. h3 Qd6 23. Qg5 h6 24. Qh4 Rb6 25. a5 Rb2 26. Rab1 Rcb8 27. Rxb2 Rxb2 28. Ne4 Nxe4 29. Qxe4 a6 30. Qc6 Rb5 31. Qa8+ Kh7 1/2-1/2

[Event "Warsaw-ch op"]
[Site "Warsaw"]
[Date "2022.12.07"]
[Round "7"]
[White "Chmiel, Marcin"]
[Black "Pettersson, Alexander"]
[Result "1-0"]
[WhiteElo "2174"]
[BlackElo "1836"]
[PlyCount "45"]
[EventDate "2022.12.03"]
[EventType "swiss"]
[EventRounds "9"]
[EventCountry "POL"]
[SourceTitle "EXT 2024"]
[Source "ChessBase"]
[SourceDate "2023.10.10"]
[SourceVersion "1"]
[SourceVersionDate "2023.10.10"]
[SourceQuality "1"]

1. d4 d5 2. c4 e6 3. Nf3 Nf6 4. Nc3 Nbd7 5. Bf4 dxc4 6. e3 b5 7. Nxb5 Bb4+ 8. Nc3 Nd5 9. a3 Nxc3 10. Qd2 Nd5 11. axb4 Nxf4 12. exf4 Nb6 13. Be2 Bb7 14. 0-0 0-0 15. Ne5 Qf6 16. Rfd1 Rfd8 17. Ra5 Rd6 18. g3 a6 19. Bf3 Bxf3 20. Nxf3 Rb8 21. Rxa6 Nd5 22. Rda1 Rxb4 23. Rxd6 1-0

[Event "Warsaw-ch op"]
[Site "Warsaw"]
[Date "2022.12.03"]
[Round "1"]
[White "Pettersson, Alexander"]
[Black "Rozycki, Bartlomiej"]
[Result "1/2-1/2"]
[WhiteElo "1836"]
[BlackElo "2196"]
[PlyCount "167"]
[EventDate "2022.12.03"]
[EventType "swiss"]
[EventRounds "9"]
[EventCountry "POL"]
[SourceTitle "EXT 2024"]
[Source "ChessBase"]
[SourceDate "2023.10.10"]
[SourceVersion "1"]
[SourceVersionDate "2023.10.10"]
[SourceQuality "1"]

1. d4 e6 2. c4 b6 3. Nc3 Bb7 4. Nf3 Nf6 5. Bg5 Bb4 6. Rc1 0-0 7. a3 Bxc3+ 8. Rxc3 d6 9. e3 Nbd7 10. Be2 Rc8 11. 0-0 Qe7 12. b4 h6 13. Bh4 Rfd8 14. Nd2 c5 15. Bf3 Bxf3 16. Qxf3 cxb4 17. axb4 d5 18. c5 a5 19. bxa5 bxc5 20. dxc5 Rxc5 21. Rxc5 Qxc5 22. Ra1 Ra8 23. Bxf6 Nxf6 24. Nb3 Qc3 25. Qd1 Ne4 26. Nd4 Rxa5 27. Rxa5 Qxa5 28. f3 Nd6 29. Qe2 Qc3 30. Kf2 Nc4 31. Nb5 Qe5 32. h3 Qa1 33. Nd4 g6 34. Nc2 Qc3 35. Ne1 h5 36. Nd3 Kf8 37. Ne1 e5 38. Qd3 Qc1 39. h4 Ke7 40. Nc2 Ke6 41. Kg3 Qb2 42. e4 Nb6 43. exd5+ Nxd5 44. Ne3 Nxe3 45. Qxe3 Qd4 46. Qg5 Qd3 47. Kh2 Qc3 48. Qh6 Ke7 49. Qg5+ Ke6 50. Qd8 Qd4 51. Qe8+ Kf6 52. Qh8+ Ke7 53. Kh3 Qd7+ 54. Kg3 Qc7 55. Kh3 Qc3 56. Qa8 Qe3 57. Qb7+ Kf6 58. Qc6+ Kg7 59. Kg3 Qe2 60. Qd5 Qe1+ 61. Kh3 Qe2 62. Kg3 Qe1+ 63. Kh3 Qc3 64. Kg3 Qc7 65. Kh3 Qe7 66. Kg3 Kf6 67. Qc6+ Qe6 68. Qa8 Kg7 69. Qb7 Kf8 70. Qa8+ Qe8 71. Qb7 Qe7 72. Qa8+ Kg7 73. Qd5 Kh7 74. Qe4 f6 75. Qd5 f5 76. Qd3 Kh6 77. Qd2+ Kh7 78. Qd3 e4 79. fxe4 fxe4 80. Qe3 Kg7 81. Qd4+ Kf7 82. Qe3 Qd6+ 83. Kf2 Ke6 84. Qxe4+ 1/2-1/2

[Event "Warsaw YMCA Autumn-A 266th"]
[Site "Warsaw"]
[Date "2022.09.30"]
[Round "1"]
[White "Matyszkiewicz, Wiktor"]
[Black "Pettersson, Alexander"]
[Result "0-1"]
[WhiteElo "1793"]
[BlackElo "1849"]
[PlyCount "104"]
[EventDate "2022.09.30"]
[EventType "tourn"]
[EventRounds "13"]
[EventCountry "POL"]
[SourceTitle "EXT 2024"]
[Source "ChessBase"]
[SourceDate "2023.10.10"]
[SourceVersion "1"]
[SourceVersionDate "2023.10.10"]
[SourceQuality "1"]

1. e4 c6 2. d4 d5 3. exd5 cxd5 4. Bd3 Nc6 5. c3 Nf6 6. h3 g6 7. Nf3 Bf5 8. Bxf5 gxf5 9. 0-0 e6 10. Bf4 Rg8 11. Nbd2 Ne4 12. Ne5 Nxe5 13. dxe5 Bc5 14. Nf3 Qb6 15. Qc2 Rc8 16. Rac1 a6 17. b4 Be7 18. Qb3 Rc4 19. Nd4 Qc7 20. Ne2 b5 21. f3 Ng5 22. Bxg5 Bxg5 23. f4 Bd8 24. a4 Qa7+ 25. Kh1 Qe3 26. Qd1 Bb6 27. Rf3 Qe4 28. axb5 axb5 29. Ng3 Rxg3 30. Rxg3 Qxf4 31. Qe1 Re4 32. Rg8+ Ke7 33. Qf1 Qxe5 34. Ra1 Bc7 35. Qg1 Qxc3 36. Rc1 Qe5 37. Qc5+ Bd6 38. Qg1 Bxb4 39. Qa7+ Kf6 40. Qd7 Re1+ 41. Rxe1 Qxe1+ 42. Kh2 Qe5+ 43. Kh1 Bd6 44. Qd8+ Be7 45. Qb6 b4 46. Qf2 Qe4 47. Rg4 Qb1+ 48. Kh2 Bd6+ 49. g3 Ke7 50. Qa7+ Kf6 51. Qf2 b3 52. Rd4 Bc5 0-1

[Event "Warsaw YMCA Autumn-A 266th"]
[Site "Warsaw"]
[Date "2022.09.30"]
[Round "6"]
[White "Pettersson, Alexander"]
[Black "Milczarek, Robert"]
[Result "1-0"]
[WhiteElo "1849"]
[BlackElo "1584"]
[PlyCount "53"]
[EventDate "2022.09.30"]
[EventType "tourn"]
[EventRounds "13"]
[EventCountry "POL"]
[SourceTitle "EXT 2024"]
[Source "ChessBase"]
[SourceDate "2023.10.10"]
[SourceVersion "1"]
[SourceVersionDate "2023.10.10"]
[SourceQuality "1"]

1. d4 Nf6 2. c4 e6 3. Nc3 Bb4 4. Nf3 b6 5. Bd2 Bb7 6. e3 Bxc3 7. Bxc3 Ne4 8. Rc1 0-0 9. Bd3 f5 10. 0-0 d6 11. Be1 c5 12. Nd2 Qg5 13. f4 Qg6 14. Nxe4 fxe4 15. Be2 Nd7 16. b4 Rad8 17. Bh4 Nf6 18. Qa4 cxd4 19. Qxa7 d3 20. Bd1 Rb8 21. Qxb6 d5 22. Qxe6+ Kh8 23. Bxf6 Rxf6 24. Qe5 Rc8 25. Bh5 Qxh5 26. Qxh5 dxc4 27. Rxc4 1-0

[Event "Warsaw YMCA Autumn-A 266th"]
[Site "Warsaw"]
[Date "2022.09.30"]
[Round "11"]
[White "Pettersson, Alexander"]
[Black "Moskwinski, Marek"]
[Result "1-0"]
[WhiteElo "1849"]
[BlackElo "1858"]
[PlyCount "111"]
[EventDate "2022.09.30"]
[EventType "tourn"]
[EventRounds "13"]
[EventCountry "POL"]
[SourceTitle "EXT 2024"]
[Source "ChessBase"]
[SourceDate "2023.10.10"]
[SourceVersion "1"]
[SourceVersionDate "2023.10.10"]
[SourceQuality "1"]

1. d4 Nf6 2. c4 d6 3. Nc3 e5 4. d5 c5 5. e4 Be7 6. Bd3 0-0 7. Nge2 Ne8 8. 0-0 f5 9. exf5 Bxf5 10. Bxf5 Rxf5 11. Ng3 Rf8 12. Nce4 Nd7 13. Qg4 Ndf6 14. Qe6+ Kh8 15. Ng5 Qd7 16. Nf5 Bd8 17. f4 e4 18. Ng3 Nc7 19. Qxd7 Nxd7 20. N3xe4 Be7 21. Bd2 Rae8 22. Rae1 Nf6 23. Bc3 h6 24. Nxf6 Bxf6 25. Rxe8 Nxe8 26. Ne6 Rf7 27. Bxf6 Nxf6 28. a4 Kg8 29. Re1 Re7 30. g3 h5 31. h3 b6 32. Kg2 g6 33. Kf3 Ne8 34. Re3 Nf6 35. Nd8 Rxe3+ 36. Kxe3 Kf8 37. Ne6+ Ke7 38. Ng5 Ng8 39. g4 hxg4 40. hxg4 Nf6 41. Kf3 Nd7 42. Ne4 Nb8 43. Kg3 Na6 44. Kh4 Nb4 45. Kg5 Nd3 46. b3 a6 47. f5 gxf5 48. Kxf5 Nc1 49. Nd2 Kf7 50. g5 Ne2 51. g6+ Ke7 52. g7 Kf7 53. g8Q+ Kxg8 54. Ke6 Kf8 55. Kxd6 Nd4 56. Kc7 1-0

[Event "Warsaw YMCA Autumn-A 266th"]
[Site "Warsaw"]
[Date "2022.09.30"]
[Round "9"]
[White "Pettersson, Alexander"]
[Black "Szukalski, Antoni"]
[Result "1-0"]
[WhiteElo "1849"]
[BlackElo "1702"]
[PlyCount "135"]
[EventDate "2022.09.30"]
[EventType "tourn"]
[EventRounds "13"]
[EventCountry "POL"]
[SourceTitle "EXT 2024"]
[Source "ChessBase"]
[SourceDate "2023.10.10"]
[SourceVersion "1"]
[SourceVersionDate "2023.10.10"]
[SourceQuality "1"]

1. d4 Nf6 2. c4 e6 3. Nc3 d5 4. cxd5 exd5 5. Bg5 Be7 6. e3 c6 7. Bd3 h6 8. Bh4 Bg4 9. f3 Be6 10. Nge2 Nbd7 11. 0-0 0-0 12. Kh1 Re8 13. Bf2 c5 14. Qd2 Rc8 15. Rad1 Nb6 16. Nf4 Bd7 17. Rfe1 cxd4 18. exd4 Bd6 19. Rxe8+ Bxe8 20. Bg3 a6 21. Re1 Bc6 22. Bb1 Qc7 23. Nfe2 Bxg3 24. Nxg3 Re8 25. Rxe8+ Bxe8 26. Qe3 Bc6 27. Nf5 Nc4 28. Qc1 Qd8 29. b3 Nd6 30. Ne3 Qe8 31. Kg1 Nb5 32. Nxb5 Bxb5 33. Kf2 Bc6 34. Qc5 Nd7 35. Qd6 Qf8 36. Qxf8+ Kxf8 37. Nf5 f6 38. Bd3 Kf7 39. Ke3 Nf8 40. h4 Ne6 41. g3 Nc7 42. h5 Ne8 43. Kf4 Nc7 44. Nd6+ Ke7 45. Nf5+ Kf7 46. Nh4 Ne6+ 47. Ke3 Nf8 48. Bf5 Ne6 49. Bxe6+ Kxe6 50. Ng6 Be8 51. Nf4+ Kd6 52. Kd3 Bb5+ 53. Kc3 Be8 54. Kb4 b6 55. a3 a5+ 56. Kc3 b5 57. b4 a4 58. Kd3 Bf7 59. Ke3 Be8 60. Kf2 Bf7 61. Kg2 Be8 62. Kh3 Bd7+ 63. Kh4 Bf5 64. g4 Bc2 65. Nh3 Bb1 66. f4 Ke6 67. f5+ Bxf5 68. Nf4+ 1-0

[Event "POL-chT 2nd League"]
[Site "Jastrzebia Gora"]
[Date "2022.09.10"]
[Round "8.58"]
[White "Szydelko, Michal"]
[Black "Pettersson, Alexander"]
[Result "1/2-1/2"]
[WhiteElo "1699"]
[BlackElo "1849"]
[PlyCount "40"]
[EventDate "2022.09.03"]
[EventType "team-swiss"]
[EventRounds "9"]
[EventCountry "POL"]
[SourceTitle "CBM 210 Extra"]
[Source "ChessBase"]
[SourceDate "2022.11.30"]
[SourceVersion "1"]
[SourceVersionDate "2022.11.30"]
[SourceQuality "1"]
[WhiteTeam "Radkow Giecek"]
[BlackTeam "Warszawa Mogalo"]
[WhiteTeamCountry "POL"]
[BlackTeamCountry "POL"]

1. e4 c6 2. d4 d5 3. Nc3 dxe4 4. Nxe4 Nf6 5. Ng3 e6 6. Nf3 c5 7. c3 Nc6 8. Bd3 Bd7 9. 0-0 cxd4 10. Nxd4 Qc7 11. Re1 Be7 12. Qe2 0-0 13. Nxc6 Qxc6 14. Be3 Bc5 15. Bxc5 Qxc5 16. Ne4 Nxe4 17. Qxe4 Qb5 18. b3 Rfd8 19. Rad1 h6 20. h3 Qa6 1/2-1/2

[Event "POL-chT 2nd League"]
[Site "Jastrzebia Gora"]
[Date "2022.09.04"]
[Round "2.5"]
[White "Raczek, Krzysztof"]
[Black "Pettersson, Alexander"]
[Result "1-0"]
[WhiteElo "2113"]
[BlackElo "1849"]
[PlyCount "101"]
[EventDate "2022.09.03"]
[EventType "team-swiss"]
[EventRounds "9"]
[EventCountry "POL"]
[SourceTitle "CBM 210 Extra"]
[Source "ChessBase"]
[SourceDate "2022.11.30"]
[SourceVersion "1"]
[SourceVersionDate "2022.11.30"]
[SourceQuality "1"]
[WhiteTeam "Bydgoszcz Energia Gwiazda"]
[BlackTeam "Warszawa Mogalo"]
[WhiteTeamCountry "POL"]
[BlackTeamCountry "POL"]

1. e4 c6 2. d4 d5 3. Nd2 a6 4. e5 Bf5 5. g4 Bd7 6. Bd3 e6 7. Nb3 b6 8. c4 Bb4+ 9. Kf1 a5 10. a3 Bf8 11. Bf4 Ne7 12. Bg5 Na6 13. Qe2 Nc7 14. c5 a4 15. cxb6 axb3 16. bxc7 Qxc7 17. Rc1 Ng6 18. Nf3 Be7 19. Bxg6 fxg6 20. Bxe7 Kxe7 21. Qe3 Rhf8 22. h4 h6 23. Rg1 Rab8 24. Rg3 Rf7 25. Nd2 Rbf8 26. Rf3 Rxf3 27. Nxf3 Bc8 28. Kg2 Ba6 29. Nd2 Qb6 30. Rc5 Bc4 31. f3 Qa6 32. Kg3 Rb8 33. Qc3 Rb5 34. Rxb5 Qxb5 35. Qb4+ Qxb4 36. axb4 Kd7 37. Kf2 Kc7 38. Ke3 Kb6 39. f4 Kb5 40. f5 gxf5 41. gxf5 exf5 42. e6 f4+ 43. Kxf4 Bd3 44. Nxb3 Kxb4 45. Nc5 Bg6 46. Ke5 Kc4 47. Nb7 Bh5 48. e7 Kd3 49. Nc5+ Ke3 50. Ne6 g5 51. Ng7 1-0

[Event "Warsaw Chess op-A"]
[Site "Warsaw"]
[Date "2022.07.22"]
[Round "5"]
[White "Kostecka, Marika"]
[Black "Pettersson, Alexander"]
[Result "1/2-1/2"]
[WhiteElo "1836"]
[BlackElo "1968"]
[PlyCount "46"]
[EventDate "2022.07.18"]
[EventType "swiss"]
[EventRounds "9"]
[EventCountry "POL"]
[SourceTitle "CBM 209 Extra"]
[Source "ChessBase"]
[SourceDate "2022.09.30"]
[SourceVersion "1"]
[SourceVersionDate "2022.09.30"]
[SourceQuality "1"]

1. e4 c6 2. d4 d5 3. Nc3 dxe4 4. Nxe4 Nd7 5. Ng5 e6 6. Bd3 Ngf6 7. N1f3 Bd6 8. Qe2 h6 9. Ne4 Nxe4 10. Qxe4 Nf6 11. Qe2 b6 12. Bd2 Bb7 13. 0-0-0 Qc7 14. Kb1 0-0-0 15. c4 c5 16. Bc3 Kb8 17. Rhe1 Ka8 18. g3 Rhg8 19. Bc2 Rc8 20. dxc5 Bxc5 21. Ne5 Rgd8 22. f4 Bf8 23. h3 Qe7 1/2-1/2

[Event "Warsaw Chess op-A"]
[Site "Warsaw"]
[Date "2022.07.18"]
[Round "1"]
[White "Poltorak, Sebastian"]
[Black "Pettersson, Alexander"]
[Result "1/2-1/2"]
[WhiteElo "2322"]
[BlackElo "1968"]
[PlyCount "127"]
[EventDate "2022.07.18"]
[EventType "swiss"]
[EventRounds "9"]
[EventCountry "POL"]
[SourceTitle "CBM 209 Extra"]
[Source "ChessBase"]
[SourceDate "2022.09.30"]
[SourceVersion "1"]
[SourceVersionDate "2022.09.30"]
[SourceQuality "1"]

1. d4 d5 2. c4 e6 3. Nc3 Nf6 4. Bg5 Be7 5. e3 0-0 6. cxd5 exd5 7. Bd3 c6 8. Nge2 Re8 9. 0-0 h6 10. Bh4 Nh5 11. Bxe7 Qxe7 12. Ng3 Nxg3 13. hxg3 Nd7 14. Re1 Nf6 15. Qd2 Bd7 16. f3 Rad8 17. Qf2 Bc8 18. Re2 Qd6 19. g4 b6 20. Rd1 Re7 21. Qh4 c5 22. g5 hxg5 23. Qxg5 a6 24. Bb1 b5 25. a3 Bb7 26. Qh4 Rde8 27. Kf2 cxd4 28. Rh1 Kf8 29. Qxd4 g6 30. e4 Qf4 31. g3 Qg5 32. Rh8+ Kg7 33. Rxe8 Rxe8 34. e5 Nh5 35. e6+ Kg8 36. Qg4 Qxg4 37. fxg4 Nf6 38. g5 Ne4+ 39. Nxe4 dxe4 40. exf7+ Kxf7 41. Rc2 e3+ 42. Ke2 Re7 43. Rc1 Bd5 44. Rf1+ Kg7 45. Rf6 Bc4+ 46. Ke1 Rf7 47. Rxg6+ Kf8 48. Rf6 Rxf6 49. gxf6 Kf7 50. Bc2 Kxf6 51. b3 Be6 52. Ke2 a5 53. Kxe3 Ke5 54. Bd1 b4 55. a4 Bf7 56. g4 Be6 57. g5 Bf7 58. Bc2 Bg8 59. g6 Be6 60. g7 Bg8 61. Ke2 Kd4 62. Kd2 Kd5 63. Bd3 Ke5 64. Bc2 1/2-1/2